Language Quiz

Random Language Quiz

SPAN 3050 preposition verbs Quiz Stats

Quiz not verified by Sporcle

Also try: Words in Words II
Challenge
Share
Tweet
Embed
Score 0/75 Timer 03:00
0 Plays Today
Verb Preposition % Correct
colaborarcon
90.9%
divorciarsede
90.9%
insistiren
90.9%
dedicarsea
81.8%
empezara
81.8%
ensenara
81.8%
llegara
81.8%
parecersea
81.8%
respondera
81.8%
chocarcon
81.8%
contarcon
81.8%
convivircon
81.8%
dependerde
81.8%
despedirsede
81.8%
disfrutarde
81.8%
enterarsede
81.8%
escaparsede
81.8%
huirde
81.8%
olvidarsede
81.8%
venirde
81.8%
concentrarseen
81.8%
confiaren
81.8%
fijarseen
81.8%
interesarseen
81.8%
invertiren
81.8%
acercarsea
72.7%
acostumbrarsea
72.7%
acudira
72.7%
adaptarsea
72.7%
aprendera
72.7%
asistira
72.7%
ira
72.7%
jugara
72.7%
subira
72.7%
asociarsecon
72.7%
casarsecon
72.7%
compartircon
72.7%
comprometersecon
72.7%
Verb Preposition % Correct
entretenersecon
72.7%
bajarde
72.7%
diferenciarsede
72.7%
enamorarsede
72.7%
encargarsede
72.7%
fiarsede
72.7%
librarsede
72.7%
quejarsede
72.7%
salirde
72.7%
separarsede
72.7%
servirsede
72.7%
tratarde
72.7%
acomodarseen
72.7%
basarseen
72.7%
consistiren
72.7%
encerraren
72.7%
entrometerseen
72.7%
influiren
72.7%
protestarpor
72.7%
asustarsepor
72.7%
animarsea
63.6%
ayudara
63.6%
venira
63.6%
enfrentarsecon
63.6%
acabarde
63.6%
acordarsede
63.6%
aprovecharsede
63.6%
marcharsede
63.6%
protegersede
63.6%
aterrizaren
63.6%
entraren
63.6%
preocuparsepor
63.6%
ayudaren
54.5%
buscarnone
54.5%
escucharnone
54.5%
mirarnone
54.5%
esperarnone
45.5%

You're not logged in!

Compare scores with friends on all Sporcle quizzes.
Join for Free
OR
Log In

You Might Also Like...

Show Comments

Extras

Top Quizzes Today


Score Distribution

Your Account Isn't Verified!

In order to create a playlist on Sporcle, you need to verify the email address you used during registration. Go to your Sporcle Settings to finish the process.

Report this User

Report this user for behavior that violates our Community Guidelines.

Details: